00371nam a2200145Ia 4500008004100000082001700041100003000058245003300088250000800121260002400129300001100153500002400164650001600188700002100204230524s9999 xx 000 0 und d a621.389bMAH aPradyumna Kumar Mohapatra 0aDigital Electronics Circuits a1ST aNEW DELHIbMNc2007 aXI;321 aQuantity Number: 1 aElectronics a Jivan J.Mohanty